Statistics for Famous Trios Quiz #2

Click here to take the quiz!

General Stats

  • This quiz has been taken 40,623 times
    (31,922 since last reset)
  • The average score is 15 of 24

Answer Stats

Famous Trio% Correct
{Rock}, Paper, Scissors
94%
On Your Mark, {Get} {Set}, Go
91%
Ready, Aim, {Fire}
87%
{Hop}, Skip, Jump
86%
{Judge}, Jury and Executioner
85%
{Sugar}, Spice and Everything Nice
85%
The Lion, the Witch and the {Wardrobe}
85%
The Truth, the {Whole} {Truth}, Nothing but the Truth
83%
I Came, I Saw, I {Conquered}
81%
See no Evil, Hear no Evil, {Speak} {no} {Evil}
81%
{Stop}, Drop and Roll
80%
Estonia, {Latvia}, Lithuania
67%
Hanged, Drawn and {Quartered}
61%
Core, Mantle, {Crust}
60%
{Ready}, Willing and Able
57%
{Igneous}, Sedimentary, Metamorphic
51%
Id, Ego and {Super}-{Ego}
50%
{Butcher}, Baker, Candlestick Maker
48%
Bump, Set, {Spike}
40%
Eats, Shoots and {Leaves}
33%
{Liberty}, Equality, Fraternity
33%
{Athos}, Aramis and Porthos
26%
Wynken, Blynken and {Nod}
26%
{Shadrach}, Meshach and Abednego
20%

Score Distribution

Percentile by Number Answered

Percent of People with Each Score

Your Score History

You have not taken this quiz since the last reset